Statistics for Eurovision Host Cities & Countries 1977-1997

Click here to take the quiz!

General Stats

  • This quiz has been taken 41 times
  • The average score is 26 of 30

Answer Stats

Year(s) Answer % Correct
1977, 1982United Kingdom
100%
1984Luxembourg City
100%
1977London
100%
1978France
100%
1986, 1996Norway
100%
1984Luxembourg
100%
1978Paris
100%
1980Netherlands
98%
1981, 1988, 1993, 1994, 1995, 1997Ireland
98%
1985, 1992Sweden
98%
1983Germany
98%
1996Oslo
98%
1981, 1988, 1994, 1995, 1997Dublin
98%
1992Malmö
95%
1991Italy
93%
1991Rome
93%
1989Switzerland
90%
1983Munich
88%
1980The Hague
80%
1985Gothenburg
78%
1987Belgium
78%
1986Bergen
78%
1987Brussels
78%
1979Israel
73%
1979Jerusalem
73%
1990Yugoslavia (Croatia)
73%
1990Zagreb
71%
1982Harrogate
66%
1989Lausanne
66%
1993Millstreet
39%

Score Distribution

Percentile by Number Answered

Percent of People with Each Score

Your Score History

You have not taken this quiz